书目信息 |
| 题名: |
电视剧照明艺术论
|
|
| 作者: | 李兴国 , 徐智鹏 , 张林 著 | |
| 分册: | ||
| 出版信息: | 北京 中国传媒大学出版社 2013.01 |
|
| 页数: | 221页 | |
| 开本: | 24cm | |
| 丛书名: | 电视剧艺术学丛书 | |
| 单 册: | ||
| 中图分类: | J914 | |
| 科图分类: | ||
| 主题词: | 电视照明 | |
| 电子资源: | ||
| ISBN: | 978-7-5657-0601-1 | |
| 000 | 00889oam2 2200277 450 | |
| 001 | 010050020266 | |
| 005 | 20130627155840.32 | |
| 010 | @a978-7-5657-0601-1@dCNY48.00 | |
| 100 | @a20121221d2013 em y0chiy50 ea | |
| 101 | 0 | @achi |
| 102 | @aCN@b110000 | |
| 105 | @aa z 000yy | |
| 106 | @ar | |
| 200 | 1 | @a电视剧照明艺术论@9dian shi ju zhao ming yi shu lun@f李兴国,徐智鹏,张林等著 |
| 210 | @a北京@c中国传媒大学出版社@d2013.01 | |
| 215 | @a221页@c图@d24cm | |
| 225 | 2 | @a电视剧艺术学丛书 |
| 330 | @a本书分为引论;本体论;创作论三篇,主要内容包括:读图时代的光线艺术;电视剧照明的定位;创作团队的合作关系等。 | |
| 461 | 0 | @12001 @a电视剧艺术学丛书 |
| 606 | 0 | @a电视照明 |
| 690 | @aJ914@v5 | |
| 701 | 0 | @a李兴国@9li xing guo@4著 |
| 701 | 0 | @a徐智鹏@9xu zhi peng@4著 |
| 701 | 0 | @a张林@9zhang lin@4著 |
| 801 | 0 | @aCN@bRENTIAN@c20121221 |
| 905 | @b547072-75@dJ914@e269@f4 | |
| 电视剧照明艺术论/李兴国,徐智鹏,张林等著.-北京:中国传媒大学出版社,2013.01 |
| 221页:图;24cm.-(电视剧艺术学丛书) |
| ISBN 978-7-5657-0601-1:CNY48.00 |
| 本书分为引论;本体论;创作论三篇,主要内容包括:读图时代的光线艺术;电视剧照明的定位;创作团队的合作关系等。 |
| ● |
| 相关链接 |
|
|
|
|
正题名:电视剧照明艺术论
索取号:J914/269
 
预约/预借
| 序号 | 登录号 | 条形码 | 馆藏地/架位号 | 状态 | 备注 |
| 1 | 547072 | 205470729 | 第一样本阅览室/ [索取号:J914/269] | 在馆 | |
| 2 | 547073 | 205470738 | 第一借阅区/ [索取号:J914/269] | 在馆 | |
| 3 | 547074 | 205470747 | 第一借阅区/ [索取号:J914/269] | 在馆 | |
| 4 | 547075 | 205470756 | 第一借阅区/ [索取号:J914/269] | 在馆 |